Outer Banks - Staffel 3 - Statistiken

Allgemein
  • Dieses Quiz wurde 129 mal gespielt
  • Das Durchschnittsergebnis liegt bei 3 aus 14
Antwortstatistiken
Hint Antwort % Korrekt
Welche Farbe hat das Kleid welches Kiara tragen muss? Rot
91%
Wer zündet "Das Schloss" an? Topper Thornton
59%
Wie heisst Rafes neue Freundin Sofia
47%
Wie heisst die Insel auf der die Pogues stranden? Pougelandia
29%
Wen hat Ward benutzt um Sarah zu sich zu locken? Wheezie Cameron
28%
Wie heisst der Mann der die Pogues von der Insel rettet mit Vornamen? Jimmy
19%
Wie heisst der Bahnmitarbeiter der Pope und Cleo findet und befragt? Jimmy
19%
Wie heisst der Kater von Kiara den sich JJ ausgedacht hat? Marley
14%
Wie heisst der Mann der JJ und Kiara nach Südamerika fliegt? Barakuda Maik
4%
Wie heisst der Hausbootbesitzer welcher JJ und John B den Weg nach Südamerika weist? Neville
4%
Wo will Rafe das Kreuz verkaufen? Wimmington
4%
Was ist Sarah nach eigenen aussagen nachdem sie mit Topper fremdgegangen ist? Ein Wrack
3%
Wie heisst das Boot von Rafe mit dem die Pogues flüchten? Cat and the Fiddle
2%
Wie heisst das südamerikanische Dorf in dem Singh Big John festhält? Orinoco
2%
Keine übereinstimmenden Quizze gefunden
Verteilung der Resultate
Anzahl Personen mit jedem Resultat
Perzentil nach korrekt beantworteten Fragen
Ihre Resultats-Entwicklung
Sie haben dieses Quiz noch nicht gespielt